02468nam a22002297a 450000500170000000700150001700800410003202000220007303500100009504000090010510000270011424501130014125600240025426000410027830000280031950014780034750602700182565000280209565000360212374000380215985600410219720240305165632.0cr|||| |||| 220511s2021 ea |||||s|||| 00||0 spa d a978-84-123503-9-5 a35639 avLex1 aGonzález Vaz, Carmen12aEl delito de autocapacitación terrorista (art. 575.2 CP)h[Recurso electrónico] /cCarmen González Vaz aServicio en línea aBarcelona:bJ.M. Bosch Editor,c2021 a1 recurso electrónico aEl nuevo terrorismo de DAESH ha traído consigo un nuevo modus operandi, el cual ha obligado a la comunidad internacional en general y a los Estados en particular, a adaptar sus ordenamientos jurídicos para combatirlo. Uno de estos cambios se ha visto inspirado en la prevención de los llamados «lobos solitarios» o «terroristas autónomos», enfocado principalmente en el proceso de radicalización. Es así como, en 2015, la LO 2/2015 de 23 de noviembre introduce en el Código Penal español el polémico tipo delictivo conocido como «delito de autoadoctrinamiento terrorista» en su artículo 575.2 CP. La doctrina científica ha denunciado la peligrosidad que supone este delito para el Derecho Penal de garantías, llegando a afirmar que se trata una manifestación del Derecho Penal de Autor, identificándose con un Derecho Penal simbólico y destacando por su adelantamiento injustificado de las barreras de punibilidad y; por ende, afirmándose como un Derecho Penal del Enemigo. Esta obra trata de analizar el tipo objetivo y subjetivo del delito de «autoadoctrinamiento» terrorista, dando respuesta a su compatibilidad con el Estado de Derecho, sus principios político-criminales, los Derechos Fundamentales y las Libertades Públicas. A partir de este estudio, se pondrán de manifiesto los principales problemas que acarrea dicho tipo delictivo y las consecuencias que supone la doctrina judicial y científica que se ha adoptado.1 aDisponible solo en los productos indicadosdvLex GlobaldvLex Global (Academic Edition, excluding Law Schools)dvLex Global (U.S. Academic Edition, Law Schools)dvLex Global (U.S. Academic Edition, excluding Law Schools)dvLex Global (Academic Edition, Law Schools)04aDerecho PenalzEspaña04aDerecho InternacionalzEspaña0 avLex Libros (Servicio en línea)40uhttps://app.vlex.com/#/sources/35639